000 00375nam a2200145 i 4500
001 bg
100 1 _aPHILIPPOW, H.
245 0 _aTaschenbuch Elektrotechnik.
_nBd. 1,
_pGrundlagen /
_cH. Philippow.
250 _a2. bearbeite und erweiterte Auflage.
260 _aBerlin,
_c1968.
040 _cBPK
041 _apol
942 _cKS
008 s pl f |000 0 pol
999 _c8748
_d8748
856 _uhttp://koha.tu.koszalin.pl/cgi-bin/koha/opac-detail.pl?biblionumber=8748
_yKatalog online BPK